<?xml version="1.0" encoding="utf-8"?>
<?xml-stylesheet type='text/xsl' href='./oai2.xsl'?>
<OAI-PMH xmlns="http://www.openarchives.org/OAI/2.0/" xmlns:xsi="http://www.w3.org/2001/XMLSchema-instance" xsi:schemaLocation="http://www.openarchives.org/OAI/2.0/ http://www.openarchives.org/OAI/2.0/OAI-PMH.xsd">
  <responseDate>2026-04-29T16:30:38Z</responseDate>
  <request verb="GetRecord" metadataPrefix="marcxml" identifier="isil_DE-89_av-portal_11834">https://kulturerbe.niedersachsen.de/oai</request>
  <GetRecord>
    <record>
      <header>
        <identifier>isil_DE-89_av-portal_11834</identifier>
        <datestamp>2017-09-19T13:49:53Z</datestamp>
        <setSpec>slg0149</setSpec>
      </header>
      <metadata>
        <marc:record xmlns:marc="http://www.loc.gov/MARC21/slim" xsi:schemaLocation="http://www.loc.gov/MARC21/slim http://www.loc.gov/standards/marcxml/schema/MARC21slim.xsd">
          <marc:leader>12345ngm  22     uu 4500</marc:leader>
          <marc:controlfield tag="001">11834</marc:controlfield>
          <marc:controlfield tag="005">2017-09-19T15:49:53</marc:controlfield>
          <marc:controlfield tag="008">|           |||||||||||||||||ger||</marc:controlfield>
          <marc:datafield tag="245" ind1="1" ind2="0">
            <marc:subfield code="a">Heinz Hilpert, Göttingen 1961</marc:subfield>
          </marc:datafield>
          <marc:datafield tag="720" ind1=" " ind2=" ">
            <marc:subfield code="a">Witthöft</marc:subfield>
          </marc:datafield>
          <marc:datafield tag="655" ind1=" " ind2="7">
            <marc:subfield code="a">Film &amp; Ton</marc:subfield>
          </marc:datafield>
          <marc:datafield tag="046" ind1=" " ind2=" ">
            <marc:subfield code="k">1961</marc:subfield>
            <marc:subfield code="k">1961 (erschienen 1964)</marc:subfield>
          </marc:datafield>
          <marc:datafield tag="260" ind1=" " ind2=" ">
            <marc:subfield code="a">Göttingen</marc:subfield>
            <marc:subfield code="b">Institut für den Wissenschaftlichen Film (IWF)</marc:subfield>
            <marc:subfield code="g">1961</marc:subfield>
            <marc:subfield code="g">1961 (erschienen 1964)</marc:subfield>
          </marc:datafield>
          <marc:datafield tag="300" ind1=" " ind2=" ">
            <marc:subfield code="a">07:30</marc:subfield>
          </marc:datafield>
          <marc:datafield tag="520" ind1=" " ind2=" ">
            <marc:subfield code="a">Heinz Hilpert während einer Probe zu "Troilus und Cressida" und bei einer Danksagung an Gerhart Hauptmann (Nobelpreis 1912), in der er über seine Aufgabe als Prinzipal des Deutsches Theaters spricht und aus seinem Vorwort zu Dramen Gerhart Hauptmanns liest.

Sprache: deutsch

Lizenz:
Dieses Video steht unter der Lizenz "CC BY-NC-ND 3.0 DE" zur Verfügung.</marc:subfield>
          </marc:datafield>
          <marc:datafield tag="650" ind1="1" ind2=" ">
            <marc:subfield code="a">Theaterprobe</marc:subfield>
          </marc:datafield>
          <marc:datafield tag="650" ind1="1" ind2=" ">
            <marc:subfield code="a">Hilpert, Heinz</marc:subfield>
          </marc:datafield>
          <marc:datafield tag="650" ind1="1" ind2=" ">
            <marc:subfield code="a">Persönlichkeitsaufnahme</marc:subfield>
          </marc:datafield>
          <marc:datafield tag="650" ind1="1" ind2=" ">
            <marc:subfield code="a">Hauptmann, Gerhart</marc:subfield>
          </marc:datafield>
          <marc:datafield tag="650" ind1="1" ind2=" ">
            <marc:subfield code="a">Nobelpreisträger</marc:subfield>
          </marc:datafield>
          <marc:datafield tag="650" ind1="1" ind2=" ">
            <marc:subfield code="a">Geschichte</marc:subfield>
          </marc:datafield>
          <marc:datafield tag="650" ind1="1" ind2=" ">
            <marc:subfield code="a">Kulturgeschichte</marc:subfield>
          </marc:datafield>
          <marc:datafield tag="650" ind1="1" ind2=" ">
            <marc:subfield code="a">Künste und Medien</marc:subfield>
          </marc:datafield>
          <marc:datafield tag="650" ind1="1" ind2=" ">
            <marc:subfield code="a">Künste (Künste und Medien)</marc:subfield>
          </marc:datafield>
          <marc:datafield tag="650" ind1="1" ind2=" ">
            <marc:subfield code="a">Theater (Künste)</marc:subfield>
          </marc:datafield>
          <marc:datafield tag="773" ind1="0" ind2=" ">
            <marc:subfield code="t">IWF-Medien</marc:subfield>
          </marc:datafield>
          <marc:datafield tag="852" ind1=" " ind2=" ">
            <marc:subfield code="a">Technische Informationsbibliothek und Universitätsbibliothek Hannover</marc:subfield>
          </marc:datafield>
          <marc:datafield tag="" ind1=" " ind2=" ">
            <marc:subfield code="a">Namensnennung - Nicht-kommerziell - Keine Bearbeitung 3.0 Deutschland (CC BY-NC-ND 3.0 DE)</marc:subfield>
          </marc:datafield>
        </marc:record>
      </metadata>
    </record>
  </GetRecord>
</OAI-PMH>
